000 00614cam a22002171 4500
001 ca 36000140
003 DLC
005 20260227111140.0
008 790410s1936 xx 000 0 eng
010 _aca 36000140
035 _a(OCoLC)4843438
040 _aDLC
_cOCl
_dDLC
042 _apremarc
050 0 0 _aPN6120.A5
_bE52
082 _a812.5
100 1 _aElderdice, Dorothy.
245 1 0 _a1918 and now,
_cby Dorothy Elderdice.
260 _aBoston, Mass.,
_aLos Angeles, Calif.,
_b[Walter H. Baker company,
_cc1936]
300 _a2 p. l., 3-21 p.
_bdiagr.
_c19 cm.
490 0 _aBaker's plays for amateurs
999 _c18002
_d18002